Signal processing and linear systems (Record no. 1319)

000 -LEADER
fixed length control field 00543nam a2200205 a 4500
001 - CONTROL NUMBER
control field 1319
003 - CONTROL NUMBER IDENTIFIER
control field BD-DhUET
008 - FIXED-LENGTH DATA ELEMENTS--GENERAL INFORMATION
fixed length control field 980109s1998 caua b 001 0 eng
020 ## - INTERNATIONAL STANDARD BOOK NUMBER
International Standard Book Number 0941413357
040 ## - CATALOGING SOURCE
Original cataloging agency DLC
Transcribing agency DLC
Modifying agency BD-DhUET
082 00 - DEWEY DECIMAL CLASSIFICATION NUMBER
Classification number 623.22
Item number LAT/1998
100 ## - MAIN ENTRY--PERSONAL NAME
Personal name Lathi B. P.
245 10 - TITLE STATEMENT
Title Signal processing and linear systems
250 ## - EDITION STATEMENT
Edition statement 1st ed
260 ## - PUBLICATION, DISTRIBUTION, ETC. (IMPRINT)
Place of publication, distribution, etc. New York
Name of publisher, distributor, etc. Oxford University Press
Date of publication, distribution, etc. 1998
300 ## - PHYSICAL DESCRIPTION
Extent x, 850 p.
Other physical details ill.
Dimensions 24 cm.
504 ## - BIBLIOGRAPHY, ETC. NOTE
Bibliography, etc Includes bibliographies
650 #0 - SUBJECT ADDED ENTRY--TOPICAL TERM
Topical term or geographic name as entry element Digital signal processing
942 ## - ADDED ENTRY ELEMENTS (KOHA)
Koha item type General Book
Holdings
Damaged status Shelving location Not for loan Lost status Koha full call number Location (home branch) Piece designation (barcode) Withdrawn status Source of classification or shelving scheme Koha item type Koha date last borrowed Price effective from Sublocation or collection (holding branch) Koha issues (times borrowed) Date acquired Koha date last seen Copy number Koha normalized classification for sorting Koha renewals
 Circulation section  623.22/LAT/1998Central Library, BUET103856  General Book 2014-09-03Central Library, BUET 2014-09-032019-09-141623_000000000000000_22LAT19982
 Circulation section  623.22/LAT/1998Central Library, BUET103857  General Book 2014-09-03Central Library, BUET 2014-09-032014-09-032623_000000000000000_22LAT1998 
 Circulation section  623.22/LAT/1998Central Library, BUET103859  General Book2015-06-132014-09-03Central Library, BUET12014-09-032017-08-193623_220000000000000_LAT_1998 
 Circulation section  623.22/LAT/1998Central Library, BUET103860  General Book2015-10-202014-09-03Central Library, BUET12014-09-032017-01-084623_000000000000000_22LAT1998 
 Circulation section  623.22/LAT/1998Central Library, BUET103863  General Book2015-05-252014-09-03Central Library, BUET12014-09-032017-04-115623_000000000000000_22LAT1998 
 Circulation section  623.22/LAT/1998Central Library, BUET103864  General Book2015-05-252014-09-03Central Library, BUET12014-09-032017-06-136623_000000000000000_22LAT1998 
 Circulation section  623.22/LAT/1998Central Library, BUET103865  General Book 2014-09-03Central Library, BUET 2014-09-032017-08-207623_000000000000000_22LAT1998 
 Circulation section  623.22/LAT/1998Central Library, BUET103858  General Book 2014-11-18Central Library, BUET 2014-11-182017-10-108623_000000000000000_22LAT1998 
 Circulation section  623.22 LAT/1998Central Library, BUET103861  General Book2017-04-182014-12-02Central Library, BUET12014-12-022017-05-319623_220000000000000_LAT1998 
 Circulation section  623.22/LAT/1998Central Library, BUET100035  General Book 2015-06-03Central Library, BUET 2015-06-032017-02-0610623_220000000000000_LAT_19982
 Circulation section  623.22/LAT/1998Central Library, BUET103862  General Book2025-09-072017-10-31Central Library, BUET22007-05-282025-09-1711623_220000000000000_LAT_1998